Machinery's handbook (Record no. 5088)

MARC details
000 -LEADER
fixed length control field 00712nam a2200217Ia 4500
003 - CONTROL NUMBER IDENTIFIER
control field IN-BaIIA
008 - FIXED-LENGTH DATA ELEMENTS--GENERAL INFORMATION
fixed length control field 211028s9999 xx 000 0 eng d
040 ## - CATALOGING SOURCE
Transcribing agency IIA Library
080 ## - UNIVERSAL DECIMAL CLASSIFICATION NUMBER
Universal Decimal Classification number (035)621
Item number SCM
100 ## - MAIN ENTRY--PERSONAL NAME
Personal name Oberg, Erik
9 (RLIN) 9064
245 #0 - TITLE STATEMENT
Title Machinery's handbook
Remainder of title a reference book for the Mechanical Engineer, Draftsman, Toolmaker and Mechanist
Statement of responsibility, etc. Erik Oberg, Franklin D. Jones and Holbrook Horton
250 ## - EDITION STATEMENT
Edition statement 20th ed.
260 ## - PUBLICATION, DISTRIBUTION, ETC.
Place of publication, distribution, etc. New York
Name of publisher, distributor, etc. Industrial Press
Date of publication, distribution, etc. 1975
300 ## - PHYSICAL DESCRIPTION
Extent xi, 2483p.
650 ## - SUBJECT ADDED ENTRY--TOPICAL TERM
Topical term or geographic name entry element  Handbooks-Machinery 
9 (RLIN) 9065
650 ## - SUBJECT ADDED ENTRY--TOPICAL TERM
Topical term or geographic name entry element  Machinery-Handbooks
9 (RLIN) 9066
650 ## - SUBJECT ADDED ENTRY--TOPICAL TERM
Topical term or geographic name entry element NASA Thesaurus 
700 ## - ADDED ENTRY--PERSONAL NAME
Personal name Horton, Holbrook
9 (RLIN) 9067
700 ## - ADDED ENTRY--PERSONAL NAME
Personal name Jones, Franklin D.
9 (RLIN) 9068
942 ## - ADDED ENTRY ELEMENTS (KOHA)
Koha item type Books
952 ## - LOCATION AND ITEM INFORMATION (KOHA)
-- 25.00
Holdings
Withdrawn status Lost status Damaged status Not for loan Home library Current library Shelving location Date acquired Total Checkouts Full call number Barcode Date last seen Price effective from Koha item type
        IIA Library-Bangalore IIA Library-Bangalore General Stacks 09/12/1976   (035)621/ SCM 5683 05/11/2021 09/12/1976 Books

Powered by Koha